000 00464nam a2200181Ia 4500
001 14849
003 IN-NITTTR
005 20251114233140.0
008 251113s9999||||xx |||||||||||||| ||eng||
040 _beng
040 _cIN-NITTTR
041 _aeng
082 _a658.40388 D55M
100 _aDickson, Gary W.
245 4 _aThe management of information systems. /
_cDickson, Gary W., Wetherbe, James C.
700 _a Wetherbe, James C.
942 _2ddc
_cBK
999 _c17485
_d17485